Quiz da Bósnia e Herzegovina - Statistics

Estatísticas Gerais
  • Esse quiz foi jogado 727 vezes
  • A pontuação média é 9 de 15
Estatísticas das Respostas
Dica Resposta % Correto
Países fazendo fronteira com a Bósnia Croácia
95%
Países fazendo fronteira com a Bósnia Sérvia
94%
Países fazendo fronteira com a Bósnia Montenegro
89%
A Bósnia fazia parte deste país entre 1918 e 1992 Jugoslávia
88%
Capital Sarajevo
88%
Império que conquistou a Bósnia em 1463 Império Otomano
82%
Península onde a Bósnia está Bálcãs
78%
Religião praticada pela maioria da população Islã
74%
Pessoa assassinada naquela cidade em 1914 Francisco Fernando
72%
Mar fazendo fronteira com a Bósnia Mar Adriático
63%
Evento organizado por aquela cidade em 1984 Olimpíadas de Inverno
47%
Moeda oficial {Marco} conversível
25%
Segunda maior cidade Banja Luka
17%
Rio na fronteira norte Rio Sava
16%
Acordo de paz que encerrou a Guerra da Bósnia em 1995 Acordo de {Dayton}
15%
Nenhum quiz correspondente encontrado
Distribuição das Pontuações
Porcentagem de Pessoas com Cada Pontuação
Percentil de Números Respondidos
Sua Pontuação Histórica
Você não jogou esse quiz